| 000 | 01109nam a22003017a 4500 | ||
|---|---|---|---|
| 003 | DO-SdBPM | ||
| 005 | 20250819092416.0 | ||
| 007 | ta | ||
| 008 | 161031b1996 xx a 00| 0 spa d | ||
| 020 | _a067376236X | ||
| 040 |
_aDO-SdBPM _bspa _cBPMSU _erda |
||
| 082 | 4 |
_a896 _bC117c 1996 _2r22 |
|
| 100 | 1 | _aCabral, Len | |
| 245 | 1 | 3 |
_aLa cinturita de Anansi : _bcuento tradicional africano / _cLen Cabral ; ilustraciones David Diaz ; traducción Alma Flor Ada, Patricia Almada, Mercedes Quintana Barragán, Natalia Ruano Martinez |
| 264 |
_aEstados Unidos : _bCelebration Press ; _bScott Foresman, _c1996. |
||
| 300 |
_a16 páginas : _bilustraciones ; _c18 cm. |
||
| 336 |
_atexto _btxt _2rdacontent |
||
| 337 |
_asin mediación _bn _2rda |
||
| 338 |
_avolumen _bnc _2rdacarrier |
||
| 490 | 0 | _aPequeñitas celebraciones | |
| 590 | _aInventariado, 2025/VM | ||
| 650 | 7 | _aCuentos infantiles africanos | |
| 650 | 7 | _aLibros ilustrados para niños | |
| 700 | 1 |
_aDiaz, David _eilustraciones |
|
| 700 | 1 |
_aAda, Alam Flor _etraductora |
|
| 910 | _a VMateo V. Control de calidad. BPMSU | ||
| 942 |
_2ddc _cBK |
||
| 999 |
_c12734 _d12734 |
||